Vysokopevné materiály nekonvenčné metalurgie

Saved in:
Bibliographic Details
Format: Book
Language:Slovak
Published: Bratislava Dom techniky ČSVTS 1983
Tags: Add Tag
No Tags, Be the first to tag this record!

MARC

LEADER 00000nam a2200000 4500
001 c133136
005 20221128071752.6
041 0 |a slo 
044 |a SK 
245 1 0 |a Vysokopevné materiály  |b nekonvenčné metalurgie 
264 1 |a Bratislava  |b Dom techniky ČSVTS  |c 1983 
300 |a 187 s.